Избранное (Запись № 4257772)

Подробности
000 -МАРКЕР
контрольное поле 01753nam0a2200361 i 4500
001 - ИДЕНТИФИКАТОР ЗАПИСИ
контрольное поле RU\NLR\bibl\2004795
005 - ИДЕНТИФИКАТОР ВЕРСИИ
контрольное поле 20260405105509.0
010 ## - МЕЖДУНАРОДНЫЙ СТАНДАРТНЫЙ НОМЕР КНИГИ (ISBN)
Номер (ISBN) 9785895982839
Тираж 300
021 ## - НОМЕР ГОСУДАРСТВЕННОЙ РЕГИСТРАЦИИ
Код страны Российская Федерация
Номер 2013-9435
Номер Листа государственной регистраци 685
035 ## - ДРУГИЕ СИСТЕМНЫЕ НОМЕРА
Идентификатор записи (NLR Aleph) 001993463
100 ## - ДАННЫЕ ОБЩЕЙ ОБРАБОТКИ
Данные общей обработки 20130227d2012 u y0rusy50 ca
101 0# - ЯЗЫК РЕСУРСА
Язык текста, звукозаписи и т.д. русский
102 ## - СТРАНА ПУБЛИКАЦИИ ИЛИ ПРОИЗВОДСТВА
Страна публикации Российская Федерация
105 ## - ПОЛЕ КОДИРОВАННЫХ ДАННЫХ: ТЕКСТОВЫЕ МАТЕРИАЛЫ, МОНОГРАФИЧЕСКИЕ
Кодированные данные о монографическом текстовом документе a |||||||||
200 1# - ЗАГЛАВИЕ И СВЕДЕНИЯ ОБ ОТВЕТСТВЕННОСТИ
Основное заглавие Избранное
Первые сведения об ответственности Татьяна Чередниченко
Последующие сведения об ответственности [ред.-сост. д.искусствоведения, проф. Т.С. Кюрегян]
-- Моск. гос. консерватория им. П.И. Чайковского, Каф. теории музыки
210 ## - ПУБЛИКАЦИЯ, РАСПРОСТРАНЕНИЕ И ДР.
Место издания, распространения и т.д. Москва
Имя издателя, распространителя и т. д. Московская консерватория
Дата издания, распространения и т.д. 2012
215 ## - ФИЗИЧЕСКАЯ ХАРАКТЕРИСТИКА
Специфическое обозначение материала и объем VIII, 348, [1] с., [1] л. портр.
Другие сведения о физической характеристике ил., нот.
Размеры 24
300 ## - ОБЩИЕ ПРИМЕЧАНИЯ
Текст примечания На 337-й с. авт.: Т.В. Чередниченко, к.филос.н., д. искусствоведения, проф.
320 ## - ПРИМЕЧАНИЯ О НАЛИЧИИ В ДОКУМЕНТЕ БИБЛИОГРАФИИ / УКАЗАТЕЛЯ
Текст примечания Печатные труды Т. Чередниченко: с. 339-348
600 #1 - ИМЯ ЛИЦА КАК ПРЕДМЕТ
Начальный элемент ввода Чередниченко
Часть имени, кроме начального элемента ввода Т.В.
Даты 1952 - 2003
Расширение инициалов личного имени Татьяна Васильевна
Системный номер авторитетной/нормативной записи 2139505
Идентификатор авторитетной/нормативной записи RU\NLR\auth\661594181
606 ## - НАИМЕНОВАНИЕ ТЕМЫ КАК ПРЕДМЕТ
Наименование темы Музыка
Системный номер авторитетной/нормативной записи 888123
Идентификатор авторитетной/нормативной записи RU\NLR\auth\66429
686 ## - ИНДЕКСЫ ДРУГИХ КЛАССИФИКАЦИЙ
Индекс Щ31г(2Р=Рус)7дЧередниченко
686 ## - ИНДЕКСЫ ДРУГИХ КЛАССИФИКАЦИЙ
Индекс Щ31
686 ## - ИНДЕКСЫ ДРУГИХ КЛАССИФИКАЦИЙ
Индекс Т3(0)0-7я44
686 ## - ИНДЕКСЫ ДРУГИХ КЛАССИФИКАЦИЙ
Индекс С550.2я44
700 #1 - ИМЯ ЛИЦА - ПЕРВИЧНАЯ ОТВЕТСТВЕННОСТЬ
Код отношения Автор
Графика поля Кириллица
Материалы, к которым относится поле rus
Начальный элемент ввода Чередниченко
Часть имени, кроме начального элемента ввода Т. В.
Дополнения к именам, кроме дат д-р искусствоведения
Даты 1955-2003
Расширение инициалов личного имени Татьяна Васильевна
Системный номер авторитетной/нормативной записи 23752
Идентификатор авторитетной/нормативной записи RU\NLR\auth\7740801
702 #1 - ИМЯ ЛИЦА - ВТОРИЧНАЯ ОТВЕТСТВЕННОСТЬ
Начальный элемент ввода Кюрегян
Часть имени, кроме начального элемента ввода Т. С.
Расширение инициалов личного имени Татьяна Суреновна
Код отношения Редактор
801 #0 - ИСТОЧНИК ЗАПИСИ
Страна Российская Федерация
Организация NLR
Дата составления 20130227
Правила каталогизации RCR
801 #1 - ИСТОЧНИК ЗАПИСИ
Страна Российская Федерация
Организация NLR
Дата составления 20130227
942 ## - ДОПОЛНИТЕЛЬНЫЕ ЭЛЕМЕНТЫ ЗАПИСИ (АБИС)
Тип экземпляра АБИС Книга
980 ## - КОЛЛЕКЦИЯ
Название коллекции НБР

Нет доступных экземпляров.